000 00611nam a2200229Ia 4500
003 OSt
005 20220918172305.0
006 a|||||r|||| 00| 0
007 ta
008 220917b |||||||| |||| 00| 0 eng d
024 _a122
037 _cTextual
040 _aARTS
_cARTS
_beng
041 _2eng
_aeng
082 _aO:6K67:9, J2
100 _aBullitt John M
_941121
245 0 _aJonathan Swift and the anatomy of satire a study of Satiric technique
260 _c1952
650 _aENGLISH LITERATURE
942 _hO:6K67:9, J2
_cTEXL
_2CC
999 _c143375
_d143375